[Event "Rheinhausen-ch 10th"]
[Site "Duisburg Rheinhausen"]
[Date "2006.03.31"]
[Round "7.22"]
[White "Roeder, Christian"]
[Black "Schumacher, Peter"]
[Result "0-1"]
[WhiteElo "1245"]
[BlackElo "1429"]
[PlyCount "60"]
[EventDate "2006.01.06"]
[EventType "swiss"]
[EventRounds "7"]
[EventCountry "GER"]
[SourceTitle "EXT 2007"]
[Source "ChessBase"]
[SourceDate "2006.11.23"]
[SourceVersion "1"]
[SourceVersionDate "2006.11.23"]
[SourceQuality "1"]

1. d4 d5 2. c4 e6 3. cxd5 exd5 4. Nc3 Nf6 5. Bg5 Nbd7 6. e3 c6 7. Bd3 Bb4 8. Nf3 Qa5 9. Qc2 Bxc3+ 10. bxc3 h6 11. Bxf6 Nxf6 12. 0-0 0-0 13. Rfe1 Re8 14. Rac1 Be6 15. c4 dxc4 16. Bxc4 Bxc4 17. Qxc4 Nd7 18. Red1 Nb6 19. Qb3 Qd5 20. Qxd5 Nxd5 21. Nd2 f5 22. Re1 Nf6 23. Nc4 Rad8 24. Ne5 Nd7 25. Nxd7 Rxd7 26. f4 Kf7 27. Kf2 Kf6 28. Kf3 Re4 29. Rc5 Rdxd4 30. Re5 Ra4 0-1

[Event "Rheinhausen-ch 10th"]
[Site "Duisburg Rheinhausen"]
[Date "2006.02.17"]
[Round "4.17"]
[White "Roeder, Christian"]
[Black "Junker, Bernd"]
[Result "0-1"]
[WhiteElo "1245"]
[BlackElo "1643"]
[PlyCount "52"]
[EventDate "2006.01.06"]
[EventType "swiss"]
[EventRounds "7"]
[EventCountry "GER"]
[SourceTitle "EXT 2007"]
[Source "ChessBase"]
[SourceDate "2006.11.23"]
[SourceVersion "1"]
[SourceVersionDate "2006.11.23"]
[SourceQuality "1"]

1. d4 Nf6 2. c4 g6 3. Nc3 d5 4. Nf3 Bg7 5. e3 0-0 6. h3 c6 7. Be2 Nbd7 8. c5 Re8 9. 0-0 e5 10. Qc2 exd4 11. exd4 Nf8 12. Be3 Ne6 13. Rad1 Ne4 14. Bd3 f5 15. Qc1 Qc7 16. Ne2 Rf8 17. b4 a6 18. Bc2 f4 19. Bd2 Bd7 20. Rfe1 Rf7 21. Bc3 N6g5 22. Nxg5 Nxg5 23. Bd2 Ne6 24. Bc3 f3 25. Ng3 fxg2 26. Kxg2 Nf4+ 0-1

[Event "Rheinhausen-ch 10th"]
[Site "Duisburg Rheinhausen"]
[Date "2006.01.06"]
[Round "1.17"]
[White "Bluemer, Timo"]
[Black "Roeder, Christian"]
[Result "1-0"]
[WhiteElo "1698"]
[BlackElo "1245"]
[PlyCount "59"]
[EventDate "2006.01.06"]
[EventType "swiss"]
[EventRounds "7"]
[EventCountry "GER"]
[SourceTitle "EXT 2007"]
[Source "ChessBase"]
[SourceDate "2006.11.23"]
[SourceVersion "1"]
[SourceVersionDate "2006.11.23"]
[SourceQuality "1"]

1. e4 d5 2. exd5 Nf6 3. d4 Bg4 4. Be2 Bxe2 5. Nxe2 Nxd5 6. c4 Nf6 7. Nbc3 e6 8. 0-0 Be7 9. Bf4 c6 10. Qb3 Qb6 11. Qc2 0-0 12. Rad1 Nbd7 13. Rfe1 c5 14. d5 e5 15. Bg5 Rad8 16. Nc1 h6 17. Bh4 Rde8 18. Nd3 a6 19. Nxe5 Nxe5 20. Rxe5 Qc7 21. Ree1 Ng4 22. Bg3 Bd6 23. Ne4 Bxg3 24. hxg3 f5 25. Nc3 f4 26. Rxe8 Rxe8 27. Qf5 Nxf2 28. d6 Qf7 29. Qxf7+ Kxf7 30. Kxf2 1-0

[Event "Rheinhausen op"]
[Site "Duisburg"]
[Date "2005.02.25"]
[Round "5"]
[White "Palmowski, Sascha"]
[Black "Roeder, Christian"]
[Result "1/2-1/2"]
[WhiteElo "1097"]
[BlackElo "1189"]
[PlyCount "71"]
[EventDate "2005.01.07"]
[EventType "swiss"]
[EventRounds "7"]
[EventCountry "GER"]
[SourceTitle "EXT 2006"]
[Source "ChessBase"]
[SourceDate "2005.11.24"]
[SourceVersion "1"]
[SourceVersionDate "2005.11.24"]
[SourceQuality "1"]

1. c4 Nf6 2. Nc3 e6 3. Nf3 d5 4. e3 Be7 5. d4 0-0 6. Be2 dxc4 7. 0-0 Nbd7 8. Bxc4 Nb6 9. Bb3 c6 10. Re1 Qc7 11. e4 Rd8 12. Qe2 Nbd7 13. Be3 b6 14. Rad1 Bb7 15. Bc2 Bb4 16. Qc4 Bxc3 17. Qxc3 Rac8 18. e5 Nd5 19. Qd3 Nf8 20. Ng5 Nb4 21. Qb3 Nxc2 22. Qxc2 h6 23. Ne4 Ng6 24. Qd2 Nxe5 25. Bxh6 Ng4 26. Bf4 e5 27. f3 Rxd4 28. Qc3 Rxd1 29. Rxd1 exf4 30. fxg4 Rd8 31. Qc2 c5 32. Re1 Re8 33. Nf6+ gxf6 34. Rxe8+ Kg7 35. Qe2 Bd5 36. Qe7 1/2-1/2

[Event "Rheinhausen op"]
[Site "Duisburg"]
[Date "2005.02.11"]
[Round "4"]
[White "Roeder, Christian"]
[Black "Stermann, Sebastian"]
[Result "0-1"]
[WhiteElo "1189"]
[BlackElo "1431"]
[PlyCount "82"]
[EventDate "2005.01.07"]
[EventType "swiss"]
[EventRounds "7"]
[EventCountry "GER"]
[SourceTitle "EXT 2006"]
[Source "ChessBase"]
[SourceDate "2005.11.24"]
[SourceVersion "1"]
[SourceVersionDate "2005.11.24"]
[SourceQuality "1"]

1. d4 d6 2. c4 g6 3. Nf3 Bg7 4. Nc3 Nf6 5. e4 0-0 6. h3 Nbd7 7. Be3 e5 8. d5 Ne8 9. Rc1 f5 10. Bd3 f4 11. Bd2 Nef6 12. Ng5 Nb6 13. b4 Nfxd5 14. Nxd5 Nxd5 15. cxd5 Qxg5 16. Qf3 Qe7 17. 0-0 g5 18. Be2 Rf6 19. Qc3 Qe8 20. Kh2 h5 21. f3 Qg6 22. Qxc7 g4 23. fxg4 hxg4 24. Bxg4 Bxg4 25. hxg4 Qxg4 26. Rf3 Rh6+ 27. Rh3 Rxh3+ 28. gxh3 Qe2+ 29. Kh1 Qf3+ 30. Kh2 Qf2+ 31. Kh1 f3 32. Qxg7+ Kxg7 33. Rg1+ Qxg1+ 34. Kxg1 Kg6 35. h4 Rc8 36. Bg5 Rc4 37. Be7 Rxe4 38. Bxd6 Re2 39. Be7 e4 40. d6 e3 41. Kf1 Rd2 0-1

[Event "Rheinhausen op"]
[Site "Duisburg"]
[Date "2004.03.12"]
[Round "6"]
[White "Bajonczak, Helmut"]
[Black "Roeder, Christian"]
[Result "1/2-1/2"]
[WhiteElo "1215"]
[BlackElo "1315"]
[PlyCount "46"]
[EventDate "2004.01.09"]
[EventType "swiss"]
[EventRounds "7"]
[EventCountry "GER"]
[SourceTitle "EXT 2006"]
[Source "ChessBase"]
[SourceDate "2005.11.24"]
[SourceVersion "1"]
[SourceVersionDate "2005.11.24"]
[SourceQuality "1"]

1. Nf3 d5 2. c4 Nf6 3. e3 e6 4. b3 Be7 5. Bb2 Nbd7 6. Be2 0-0 7. 0-0 dxc4 8. bxc4 b6 9. d4 h6 10. Qc2 Bb7 11. Nbd2 Rc8 12. Rad1 c5 13. Nb3 Be4 14. Qc3 Qc7 15. Ne5 Rfd8 16. f3 Bh7 17. dxc5 Nxc5 18. Ng4 Rxd1 19. Rxd1 Ncd7 20. Qe1 Nxg4 21. fxg4 Bf6 22. Bxf6 Nxf6 23. h3 Rd8 1/2-1/2